[Event "Saratov Region-ch Seniors"]
[Site "Saratov"]
[Date "2017.11.08"]
[Round "8"]
[White "Yashkin, Jury"]
[Black "Dmitrieva, Galina Vladimirovna"]
[Result "1-0"]
[WhiteElo "1546"]
[BlackElo "1398"]
[PlyCount "45"]
[EventDate "2017.11.01"]
[EventType "swiss"]
[EventRounds "9"]
[EventCountry "RUS"]
[SourceTitle "EXT 2019"]
[Source "ChessBase"]
[SourceDate "2018.10.10"]
[SourceVersion "1"]
[SourceVersionDate "2018.10.10"]
[SourceQuality "1"]

1. e4 e5 2. Nc3 Nf6 3. Bc4 Nxe4 4. Qh5 Nd6 5. Bb3 Nc6 6. Nb5 g6 7. Qf3 f5 8. Qd5 Qe7 9. Nxc7+ Kd8 10. Nxa8 b6 11. d3 Bg7 12. h4 e4 13. Bg5 Bf6 14. Bxf6 Qxf6 15. 0-0-0 Bb7 16. dxe4 Ke7 17. Nc7 Ne5 18. Qxb7 Nxb7 19. Nd5+ Kf7 20. Nxf6+ Kxf6 21. f4 Ng4 22. Rxd7 Nc5 23. Rf7# 1-0

[Event "Saratov Region-ch Seniors"]
[Site "Saratov"]
[Date "2017.11.06"]
[Round "6"]
[White "Dmitrieva, Galina Vladimirovna"]
[Black "Astashina, Galina"]
[Result "0-1"]
[WhiteElo "1398"]
[BlackElo "1583"]
[PlyCount "132"]
[EventDate "2017.11.01"]
[EventType "swiss"]
[EventRounds "9"]
[EventCountry "RUS"]
[SourceTitle "EXT 2019"]
[Source "ChessBase"]
[SourceDate "2018.10.10"]
[SourceVersion "1"]
[SourceVersionDate "2018.10.10"]
[SourceQuality "1"]

1. d4 d5 2. c4 e6 3. Nc3 Nf6 4. Nf3 c6 5. Bf4 Bd6 6. Bg5 h6 7. Bh4 Nbd7 8. e4 dxe4 9. Nxe4 Be7 10. Nc3 Qa5 11. Bd3 e5 12. Qe2 exd4 13. Nxd4 Qe5 14. Nf5 Qxe2+ 15. Bxe2 Kf8 16. Nxe7 Kxe7 17. 0-0 Re8 18. Rfe1 Kf8 19. Rad1 Ne5 20. Bxf6 gxf6 21. c5 Bf5 22. f4 Ng4 23. Bxg4 Bxg4 24. Rxe8+ Rxe8 25. Rd6 Kg7 26. Kf2 h5 27. h3 Bf5 28. Rd1 h4 29. Ne2 Be6 30. a3 a5 31. Nd4 Kg6 32. Nxe6 fxe6 33. Rd7 Rb8 34. Kf3 f5 35. Rd6 Kf6 36. Rd7 Kg6 37. Ke3 b5 38. Kd4 Kf6 39. Rh7 Rg8 40. Rxh4 Rxg2 41. Rh6+ Ke7 42. b4 axb4 43. axb4 Rd2+ 44. Ke5 Re2+ 45. Kd4 Re4+ 46. Kc3 Rxf4 47. h4 Rc4+ 48. Kb3 f4 49. Rh7+ Kf6 50. h5 f3 51. Rh8 Kg7 52. Rd8 f2 53. Rd1 Rf4 54. Rf1 Kh6 55. Kc3 Kxh5 56. Kd2 Rxb4 57. Ke3 Rb2 58. Kf4 Re2 59. Kf3 Rc2 60. Ke3 Kg4 61. Kd4 Kg3 62. Ke5 Kg2 63. Rxf2+ Kxf2 64. Kd6 e5 65. Kxc6 b4 66. Kb5 Rxc5+ 0-1

[Event "Saratov region-ch w"]
[Site "Saratov"]
[Date "2016.12.06"]
[Round "5.4"]
[White "Dmitrieva, Galina Vladimirovna"]
[Black "Golovchanskaya, Alina"]
[Result "1-0"]
[WhiteElo "1408"]
[BlackElo "1660"]
[PlyCount "53"]
[EventDate "2016.12.01"]
[EventType "swiss"]
[EventRounds "7"]
[EventCountry "RUS"]
[SourceTitle "EXT 2022"]
[Source "ChessBase"]
[SourceDate "2021.10.06"]
[SourceVersion "1"]
[SourceVersionDate "2021.10.06"]
[SourceQuality "1"]

1. d4 d5 2. c4 e6 3. Nc3 Nf6 4. Nf3 c5 5. Bg5 cxd4 6. Nxd4 dxc4 7. e3 Nbd7 8. Bh4 Bb4 9. Rc1 Bxc3+ 10. bxc3 a6 11. Bxc4 b5 12. Bb3 Bb7 13. 0-0 h5 14. h3 g5 15. Bxg5 Rg8 16. h4 Qc7 17. g3 Ng4 18. e4 Ne3 19. Qf3 Nxf1 20. Kxf1 Nc5 21. Bc2 Qe5 22. Bf4 Qf6 23. Qe3 e5 24. Bg5 Qd6 25. Nf5 Qc6 26. Ne7 Qc7 27. Nxg8 1-0

[Event "Saratov region-ch Seniors"]
[Site "Saratov"]
[Date "2016.11.04"]
[Round "2.2"]
[White "Raisov, Idris"]
[Black "Dmitrieva, Galina Vladimirovna"]
[Result "1-0"]
[WhiteElo "2042"]
[BlackElo "1474"]
[PlyCount "69"]
[EventDate "2016.11.04"]
[EventType "swiss"]
[EventRounds "7"]
[EventCountry "RUS"]
[SourceTitle "EXT 2022"]
[Source "ChessBase"]
[SourceDate "2021.10.06"]
[SourceVersion "1"]
[SourceVersionDate "2021.10.06"]
[SourceQuality "1"]

1. d4 Nf6 2. Nf3 g6 3. g3 Bg7 4. Bg2 d5 5. 0-0 0-0 6. c4 c6 7. Nc3 Bf5 8. Qb3 b6 9. Ne5 Ng4 10. Nxg4 Bxg4 11. cxd5 Na6 12. h3 Bf5 13. e4 Bd7 14. Be3 cxd5 15. Nxd5 Nc7 16. Nxc7 Qxc7 17. Rac1 Qd8 18. Rfd1 Rc8 19. Rxc8 Qxc8 20. Rc1 Qd8 21. Qa3 a5 22. d5 e6 23. Qb3 b5 24. Qc2 exd5 25. exd5 Bf5 26. Qd2 b4 27. Bd4 Re8 28. Bxg7 Kxg7 29. d6 Re5 30. Qd4 Qf6 31. Qd2 Qd8 32. a3 b3 33. Qc3 Qxd6 34. f4 Qb6+ 35. Kh2 1-0

[Event "BdF-Diamant 07 email"]
[Site "GER email"]
[Date "2016.06.26"]
[Round "?"]
[White "Bartsch, Andreas"]
[Black "Dmitrieva, Galina Vladimirovna"]
[Result "1/2-1/2"]
[WhiteElo "2252"]
[BlackElo "2359"]
[PlyCount "45"]
[EventDate "2016.??.??"]
[EventType "tourn (corr)"]
[EventRounds "15"]
[EventCountry "GER"]
[SourceTitle "Corr 2017"]
[Source "ChessBase"]
[SourceDate "2017.09.19"]
[SourceVersion "1"]
[SourceVersionDate "2017.09.19"]
[SourceQuality "1"]

1. d4 Nf6 2. c4 e6 3. Nc3 Bb4 4. Qc2 0-0 5. a3 Bxc3+ 6. Qxc3 b6 7. Bg5 Bb7 8. e3 d6 9. f3 Nbd7 10. Nh3 h6 11. Bh4 Rc8 12. Nf2 c5 13. Ng4 Re8 14. dxc5 Ne4 15. Bxd8 Nxc3 16. bxc3 Rexd8 17. cxd6 h5 18. Nf2 Nc5 19. 0-0-0 Bc6 20. Kb2 Ba4 21. Rd4 Nb3 22. Rd3 Rc6 23. Be2 1/2-1/2

[Event "BdF-Diamant 07 email"]
[Site "GER email"]
[Date "2016.06.26"]
[Round "?"]
[White "Dmitrieva, Galina Vladimirovna"]
[Black "Potrata, Janko"]
[Result "1-0"]
[WhiteElo "2359"]
[BlackElo "2286"]
[PlyCount "87"]
[EventDate "2016.??.??"]
[EventType "tourn (corr)"]
[EventRounds "15"]
[EventCountry "GER"]
[SourceTitle "Corr 2017"]
[Source "ChessBase"]
[SourceDate "2017.09.19"]
[SourceVersion "1"]
[SourceVersionDate "2017.09.19"]
[SourceQuality "1"]

1. e4 e5 2. Nf3 Nc6 3. Bb5 a6 4. Bxc6 dxc6 5. 0-0 Bg4 6. h3 h5 7. d3 Qf6 8. Nbd2 Ne7 9. Re1 Ng6 10. d4 Nf4 11. hxg4 hxg4 12. g3 gxf3 13. Qxf3 Ne6 14. dxe5 Qxe5 15. Nb3 Bd6 16. Kg2 0-0-0 17. c3 g6 18. Be3 Rde8 19. Nd2 Qb5 20. b3 Bc5 21. Bxc5 Qxc5 22. Qf6 Qe7 23. Qxe7 Rxe7 24. e5 Nc5 25. f4 g5 26. fxg5 Rg8 27. Nf3 Rd7 28. Rad1 Ne6 29. Rxd7 Kxd7 30. Re4 Rg7 31. Rg4 Ke7 32. Kf2 c5 33. Ke3 Rg8 34. Ke4 b6 35. g6 Rxg6 36. Rxg6 fxg6 37. Nh4 Nf8 38. Kd5 Kd7 39. e6+ Ke7 40. Ke5 b5 41. b4 cxb4 42. cxb4 Nxe6 43. Nxg6+ Kd7 44. Nf4 1-0

[Event "BdF-Diamant 07 email"]
[Site "GER email"]
[Date "2016.06.26"]
[Round "?"]
[White "Dmitrieva, Galina Vladimirovna"]
[Black "Wichert, Gerd"]
[Result "1/2-1/2"]
[WhiteElo "2359"]
[BlackElo "2280"]
[PlyCount "53"]
[EventDate "2016.??.??"]
[EventType "tourn (corr)"]
[EventRounds "15"]
[EventCountry "GER"]
[SourceTitle "Corr 2017"]
[Source "ChessBase"]
[SourceDate "2017.09.19"]
[SourceVersion "1"]
[SourceVersionDate "2017.09.19"]
[SourceQuality "1"]

1. e4 e5 2. Nf3 Nc6 3. Bb5 Nf6 4. 0-0 Nxe4 5. d4 Nd6 6. Bxc6 dxc6 7. dxe5 Nf5 8. Qxd8+ Kxd8 9. Nc3 Ke8 10. b3 Be6 11. Bb2 Rd8 12. Ne4 Be7 13. Rad1 b6 14. h3 h5 15. Rxd8+ Kxd8 16. Rd1+ Kc8 17. Nfg5 Bxg5 18. Nxg5 c5 19. g3 a5 20. Kg2 Ne7 21. c4 a4 22. Nxe6 fxe6 23. bxa4 Kb7 24. Rd7 Re8 25. a5 Kc6 26. Rd3 bxa5 27. Bc3 1/2-1/2

[Event "BdF-Diamant 07 email"]
[Site "GER email"]
[Date "2016.06.26"]
[Round "?"]
[White "Williamson, Dawn L"]
[Black "Dmitrieva, Galina Vladimirovna"]
[Result "1/2-1/2"]
[WhiteElo "2276"]
[BlackElo "2359"]
[PlyCount "49"]
[EventDate "2016.??.??"]
[EventType "tourn (corr)"]
[EventRounds "15"]
[EventCountry "GER"]
[SourceTitle "Corr 2017"]
[Source "ChessBase"]
[SourceDate "2017.09.19"]
[SourceVersion "1"]
[SourceVersionDate "2017.09.19"]
[SourceQuality "1"]

1. d4 Nf6 2. c4 e6 3. Nf3 d5 4. Nc3 c6 5. Bg5 h6 6. Bh4 dxc4 7. e4 g5 8. Bg3 b5 9. Be2 Bb7 10. h4 g4 11. Ne5 Nbd7 12. Bxg4 Nxe5 13. Bxe5 Rg8 14. Bf3 Nd7 15. Bg3 Qb6 16. 0-0 0-0-0 17. Kh1 Rxg3 18. fxg3 Ne5 19. Ne2 c5 20. dxe5 Rxd1 21. Raxd1 Qc7 22. Bh5 Qxe5 23. Bxf7 Bd6 24. Nf4 Kc7 25. Nxe6+ 1/2-1/2